|
|
|
|
| LEADER |
00000nam a2200000 a 4500 |
| 001 |
vtls001381060 |
| 003 |
SK-MaSNL |
| 005 |
20260302000728.0 |
| 008 |
240313s1999 xo p r y slo |
| 015 |
|
|
|a SNBA2000/03-00869
|
| 020 |
|
|
|a 8080520577
|
| 035 |
|
|
|a SNK000335065
|
| 035 |
|
|
|a urn:nbn:sk:snk-amthzi
|
| 035 |
|
|
|a urn:nbn:sk:snk-am00c5dj
|
| 035 |
|
|
|a 31AAFF87-2037-47D5-94A3-A45531D3982A
|
| 040 |
|
|
|a SNK
|b slo
|c SNK
|e AACR2
|
| 041 |
0 |
|
|a slo
|
| 044 |
|
|
|a xo
|c SK
|
| 080 |
|
|
|a 62-2:744.44
|2 1981
|
| 080 |
|
|
|a 744.44
|2 1981
|
| 100 |
1 |
|
|a Masár, František
|4 aut
|9 635707
|
| 245 |
1 |
|
|a Technologické postupy a cvičenia z technologických postupov
|c František Masár
|
| 260 |
|
|
|a Bratislava
|b Metodické centrum
|c 1999
|
| 300 |
|
|
|a 14 s.
|b tab.
|c 30 cm
|
| 500 |
|
|
|a 200 výt.
|
| 650 |
0 |
7 |
|a súčiastky
|x postupy technologické
|x cvičenia
|2 SNK
|9 635708
|
| 655 |
|
7 |
|a príručky
|2 SNK
|9 74364
|
| 919 |
|
|
|a 80-8052-057-7
|
| 958 |
|
|
|a TL
|
| 958 |
|
|
|a BQ
|
| 999 |
|
|
|c 980842
|d 982772
|
| 952 |
|
|
|t P60, <09>, [BOOK], {629}
|a SNK
|b SNK
|y NEVYP
|7 0
|o snkB 30
|i snk100/20000125
|0 0
|1 0
|4 0
|d 2000-01-19
|l 0
|r 2005-01-02 00:00:00
|w 2026-02-24
|
| 952 |
|
|
|t P60, <03>, [BOOK], {603}
|a SNK
|b SNK
|y PREZ
|7 0
|p 17A0224696
|o snkSB 61297
|i snkKSP 709/2000
|0 0
|1 0
|4 0
|d 2000-01-19
|f 1
|l 0
|r 2025-04-15 00:00:00
|w 2026-02-24
|
| 952 |
|
|
|t P60, <04>, [BOOK], {604}
|a SNK
|b SNK
|y VYP
|7 0
|p 17A0224697
|o snkSB 61297 D1
|i snkKSP 710/2000
|0 0
|1 0
|4 0
|d 2000-01-19
|l 0
|r 2005-01-02 00:00:00
|w 2026-02-24
|